[Event "I Festival Sant'Anna Magistrale"]
[Site "Pisignano - Vernole ITA"]
[Date "1998.07.??"]
[Round "4"]
[White "Capitelli, Paolo"]
[Black "Mrdja, Milan"]
[Result "0-1"]
[WhiteElo "1842"]
[BlackElo "2430"]
[PlyCount "100"]
[EventDate "1998.07.27"]

1. e4 c5 2. Nf3 d6 3. d4 cxd4 4. Nxd4 Nf6 5. Nc3 a6 6. Be2 e5 7. Nb3 Be7 8. Be3
O-O 9. O-O Nbd7 10. a4 b6 11. f3 Bb7 12. Qd2 Rc8 13. Rfd1 Qc7 14. Rac1 Rfd8 15.
Nd5 Nxd5 16. exd5 a5 17. c4 Nc5 18. Nxc5 bxc5 19. f4 exf4 20. Bxf4 Bf8 21. Bg4
Rb8 22. b3 g6 23. Re1 Bg7 24. Be3 Be5 25. Bf4 f5 26. Bf3 Re8 27. Rcd1 Bxf4 28.
Qxf4 Re7 29. Qh4 Rbe8 30. h3 Re5 31. Rxe5 Rxe5 32. Re1 Rxe1+ 33. Qxe1 Kf7 34.
Qe6+ Kg7 35. Qe1 Qd8 36. Qc3+ Kf7 37. Qe1 Bc8 38. Qc3 Bd7 39. Qe1 g5 40. Qd2
Kg6 41. Qe2 Kg7 42. Qe1 g4 43. hxg4 fxg4 44. Qg3 Qf6 45. Kh2 h5 46. Be2 h4 47.
Qe3 g3+ 48. Kg1 Qa1+ 49. Bf1 Qd4 50. Qxd4+ cxd4 0-1

[Event "I Festival Sant'Anna Magistrale"]
[Site "Pisignano - Vernole ITA"]
[Date "1998.07.??"]
[Round "4"]
[White "Coppini, Giorgio"]
[Black "Chatalbashev, Boris"]
[Result "0-1"]
[WhiteElo "2185"]
[BlackElo "2535"]
[PlyCount "90"]
[EventDate "1998.07.27"]

1. c4 b6 2. Nf3 Bb7 3. g3 Bxf3 4. exf3 c5 5. d4 cxd4 6. Qxd4 Nc6 7. Qd1 g6 8.
Bd2 Bg7 9. Bc3 Bxc3+ 10. Nxc3 Nh6 11. g4 f6 12. f4 e5 13. fxe5 fxe5 14. h3 O-O
15. Qd5+ Nf7 16. O-O-O Qg5+ 17. Qd2 Rac8 18. Ne4 Qxd2+ 19. Rxd2 Nd4 20. f4 d6
21. Kb1 Kg7 22. b3 Ne6 23. fxe5 dxe5 24. Bg2 Rcd8 25. Rhd1 Rd4 26. Nc3 Nf4 27.
Nb5 Rxd2 28. Rxd2 a5 29. Nc7 Rd8 30. Rxd8 Nxd8 31. Bf1 e4 32. Ne8+ Kh6 33. Kc2
e3 34. Kd1 Kg5 35. c5 bxc5 36. Nd6 Nde6 37. Nc4 Nd5 38. Bg2 Nc3+ 39. Ke1 Kf4
40. Bf1 Nd4 41. Bd3 Nf3+ 42. Kf1 Nd2+ 43. Ke1 Nxc4 44. Bxc4 g5 45. a4 h6 0-1

[Event "I Festival Sant'Anna Magistrale"]
[Site "Pisignano - Vernole ITA"]
[Date "1998.07.??"]
[Round "4"]
[White "Indelicati, Giuseppe"]
[Black "Ljubisavljevic, Zivojin Z."]
[Result "1/2-1/2"]
[WhiteElo "2022"]
[BlackElo "2290"]
[PlyCount "115"]
[EventDate "1998.07.27"]

1. e4 g6 2. d4 Bg7 3. f4 d5 4. e5 c5 5. c3 cxd4 6. cxd4 h5 7. Nf3 Nh6 8. Be3
O-O 9. Nc3 Nc6 10. Be2 Bg4 11. O-O e6 12. Qd2 Rc8 13. Rad1 Bxf3 14. Bxf3 Ng4
15. Bxg4 hxg4 16. g3 f5 17. exf6 Qxf6 18. Rfe1 Qf5 19. Re2 Rfe8 20. Bf2 Na5 21.
b3 Nc6 22. Rde1 Bf8 23. Re5 Nxe5 24. Rxe5 Qf7 25. Nd1 Be7 26. Re1 Bf6 27. Ne3
Bg7 28. Nxg4 Rc6 29. Re5 Rec8 30. Rg5 Rc3 31. h4 Kf8 32. h5 gxh5 33. Ne5 Bxe5
34. dxe5 Ke7 35. Qd4 Rc1+ 36. Kg2 Rg8 37. Qb4+ Kd8 38. Qd6+ Kc8 39. Rxg8+ Qxg8
40. Bxa7 Rc7 41. f5 h4 42. Qxe6+ Qxe6 43. fxe6 Rc2+ 44. Kh3 Rxa2 45. Bc5 hxg3
46. Kxg3 Rc2 47. b4 Rc4 48. Kf3 Kc7 49. Bd6+ Kc6 50. Ke3 b6 51. Kd3 Rc1 52. Kd2
Rh1 53. Kd3 Rh4 54. e7 Kd7 55. Kc3 Rc4+ 56. Kd3 Rc8 57. Ke3 Ke6 58. Kd4 1/2-1/2

[Event "I Festival Sant'Anna Magistrale"]
[Site "Pisignano - Vernole ITA"]
[Date "1998.07.??"]
[Round "4"]
[White "Maccario, Mauro"]
[Black "Piscopo, Pierluigi"]
[Result "0-1"]
[WhiteElo "1833"]
[BlackElo "1930"]
[PlyCount "58"]
[EventDate "1998.07.27"]

1. d4 Nf6 2. c4 g6 3. Nc3 Bg7 4. e4 d6 5. f4 O-O 6. Nf3 c5 7. d5 e6 8. Be2 exd5
9. cxd5 Re8 10. Nd2 c4 11. Nxc4 Nxe4 12. Nxe4 Rxe4 13. O-O Na6 14. Bd3 Rd4 15.
Qf3 Nb4 16. Be2 Nxd5 17. Be3 Nxe3 18. Nxe3 Qb6 19. Kh1 Qc6 20. Qg3 Qe4 21. Rae1
Bh6 22. Ng4 Bxg4 23. Bxg4 Qd3 24. Rf3 Qd2 25. Ref1 Re8 26. f5 Qg5 27. fxg6 hxg6
28. Rxf7 Qxg4 29. Qb3 Qe6 0-1

[Event "I Festival Sant'Anna Magistrale"]
[Site "Pisignano - Vernole ITA"]
[Date "1998.07.??"]
[Round "4"]
[White "Naumkin, Igor"]
[Black "Loncar, Robert"]
[Result "1/2-1/2"]
[WhiteElo "2475"]
[BlackElo "2410"]
[PlyCount "39"]
[EventDate "1998.07.27"]

1. d4 Nf6 2. Nf3 d6 3. c4 g6 4. Nc3 Bf5 5. g3 Bg7 6. Bg2 c6 7. O-O O-O 8. Nh4
Be6 9. b3 d5 10. cxd5 Nxd5 11. Nxd5 Bxd5 12. e4 Be6 13. Be3 Qc8 14. Rc1 Rd8 15.
Nf3 Bg4 16. Rc2 Na6 17. Rd2 Nc7 18. Qc2 Bxf3 19. Bxf3 Rd7 20. Rfd1 1/2-1/2

[Event "I Festival Sant'Anna Magistrale"]
[Site "Pisignano - Vernole ITA"]
[Date "1998.07.??"]
[Round "4"]
[White "Tamborino, Pasquale"]
[Black "Ferraro, Francesco"]
[Result "1/2-1/2"]
[WhiteElo "1864"]
[BlackElo "2080"]
[PlyCount "66"]
[EventDate "1998.07.27"]

1. d4 d5 2. c4 e6 3. Nc3 Nf6 4. Bg5 Be7 5. cxd5 exd5 6. e3 c6 7. Bd3 O-O 8. Qc2
Nbd7 9. Nf3 Re8 10. O-O Nf8 11. Rab1 g6 12. b4 a6 13. a4 Ne6 14. Bh4 Ng7 15. b5
axb5 16. axb5 Nfh5 17. Bxe7 Qxe7 18. bxc6 bxc6 19. Na4 Qc7 20. Ne5 Ba6 21. Bxa6
Rxa6 22. Nc5 Ra7 23. Rb2 Ne6 24. Ned3 Nxc5 25. Nxc5 Ng7 26. Rfb1 Ne6 27. g3
Nxc5 28. Qxc5 Rc8 29. Rb6 Qd7 30. Rb8 Rac7 31. Rxc8+ Qxc8 32. Rb6 Kg7 33. Qb4
Qf8 1/2-1/2

[Event "I Festival Sant'Anna Magistrale"]
[Site "Pisignano - Vernole ITA"]
[Date "1998.07.??"]
[Round "4"]
[White "Vujovic, Milorad"]
[Black "Laketic, Gojko"]
[Result "1-0"]
[WhiteElo "2275"]
[BlackElo "2390"]
[PlyCount "65"]
[EventDate "1998.07.27"]

1. e4 g6 2. d4 Bg7 3. Nf3 d6 4. h3 Nc6 5. c3 Nf6 6. Nbd2 O-O 7. Bd3 e5 8. O-O
Re8 9. Re1 h6 10. a4 Nh5 11. Nb3 Qf6 12. Be3 Nf4 13. Bxf4 Qxf4 14. Bc2 exd4 15.
cxd4 Nb4 16. Bb1 a5 17. Nc1 b6 18. Nd3 Nxd3 19. Bxd3 Bb7 20. Qc2 d5 21. e5 c5
22. dxc5 bxc5 23. Qxc5 d4 24. Bb5 Red8 25. Nh2 Rac8 26. Qe7 Bd5 27. Ng4 h5 28.
Nf6+ Bxf6 29. exf6 Bb3 30. Bd3 Qh6 31. Ba6 Ra8 32. Ra3 Rf8 33. Bb7 1-0

[Event "I Festival Sant'Anna Magistrale"]
[Site "Pisignano - Vernole ITA"]
[Date "1998.07.??"]
[Round "5"]
[White "Aleksieva, Silvia"]
[Black "Naumkin, Igor"]
[Result "1/2-1/2"]
[WhiteElo "2335"]
[BlackElo "2475"]
[PlyCount "20"]
[EventDate "1998.07.27"]

1. c4 e5 2. Nc3 Nf6 3. g3 Bb4 4. Bg2 O-O 5. Qb3 Nc6 6. Bxc6 Bxc3 7. Bg2 Bd4 8.
Nf3 d6 9. Nxd4 exd4 10. O-O Re8 1/2-1/2

[Event "I Festival Sant'Anna Magistrale"]
[Site "Pisignano - Vernole ITA"]
[Date "1998.07.??"]
[Round "5"]
[White "Calabro', Marco"]
[Black "Indelicati, Giuseppe"]
[Result "0-1"]
[WhiteElo "2110"]
[BlackElo "2022"]
[PlyCount "36"]
[EventDate "1998.07.27"]

1. e4 e5 2. Nf3 Nc6 3. d4 exd4 4. Nxd4 Bc5 5. Be3 Qf6 6. c3 Nge7 7. Bc4 b6 8.
O-O O-O 9. a3 a5 10. f4 Bb7 11. e5 Qh6 12. Qe2 Bxd4 13. cxd4 Nf5 14. d5 Nxe5
15. Bd2 Nxc4 16. Qxc4 Ba6 17. Qxc7 Bxf1 18. Kxf1 Qxh2 0-1

[Event "I Festival Sant'Anna Magistrale"]
[Site "Pisignano - Vernole ITA"]
[Date "1998.07.??"]
[Round "5"]
[White "Chatalbashev, Boris"]
[Black "Mrdja, Milan"]
[Result "1-0"]
[WhiteElo "2535"]
[BlackElo "2430"]
[PlyCount "53"]
[EventDate "1998.07.27"]

1. d4 Nf6 2. c4 e6 3. Nf3 b6 4. e3 Bb4+ 5. Nbd2 Bb7 6. a3 Be7 7. Bd3 c5 8. O-O
O-O 9. b3 d5 10. Bb2 Nbd7 11. Qe2 Ne4 12. Rfd1 Nxd2 13. Rxd2 Rc8 14. Rc1 Bf6
15. cxd5 exd5 16. Rdc2 Rc7 17. Bb5 Qe7 18. a4 Bc6 19. Ba3 Bxb5 20. Qxb5 Rfc8
21. a5 Qe6 22. h3 Be7 23. dxc5 bxc5 24. Nd4 Qf6 25. b4 h6 26. bxc5 a6 27. Qb3
1-0

[Event "I Festival Sant'Anna Magistrale"]
[Site "Pisignano - Vernole ITA"]
[Date "1998.07.??"]
[Round "5"]
[White "Laketic, Gojko"]
[Black "Andreoli, Mark"]
[Result "1-0"]
[WhiteElo "2390"]
[BlackElo "2035"]
[PlyCount "53"]
[EventDate "1998.07.27"]

1. d4 c5 2. d5 f5 3. c4 Nf6 4. Nc3 g6 5. h3 d6 6. g3 Bg7 7. Bg2 O-O 8. Nf3 Na6
9. O-O Nc7 10. Rb1 a6 11. b4 cxb4 12. Rxb4 b5 13. Nd4 a5 14. Rxb5 Nxb5 15. cxb5
Bd7 16. Nc6 Bxc6 17. dxc6 e6 18. Qb3 d5 19. b6 Rc8 20. c7 Qe8 21. Bf4 Nd7 22.
b7 Nc5 23. bxc8=Q Nxb3 24. Qxe8 Rxe8 25. axb3 Bxc3 26. Rc1 d4 27. Bb7 1-0

[Event "I Festival Sant'Anna Magistrale"]
[Site "Pisignano - Vernole ITA"]
[Date "1998.07.??"]
[Round "5"]
[White "Ljubisavljevic, Zivojin Z."]
[Black "Piscopo, Pierluigi"]
[Result "1-0"]
[WhiteElo "2290"]
[BlackElo "1930"]
[PlyCount "117"]
[EventDate "1998.07.27"]

1. d4 Nf6 2. c4 g6 3. Nc3 Bg7 4. e4 d6 5. f4 O-O 6. Bd3 c5 7. d5 e6 8. dxe6
fxe6 9. Nge2 Nc6 10. O-O a6 11. Kh1 Rb8 12. a4 b6 13. Qe1 Bb7 14. Ng3 Ng4 15.
h3 Qh4 16. Bd2 Nb4 17. Bb1 Bd4 18. Nd1 Nf2+ 19. Rxf2 Qxg3 20. Rf3 Qxe1+ 21.
Bxe1 Rf7 22. a5 bxa5 23. Rxa5 Rbf8 24. g3 g5 25. Bxb4 cxb4 26. Rxg5+ Kh8 27. b3
e5 28. f5 Rg7 29. Rxg7 Kxg7 30. Kh2 Rc8 31. Ne3 Rc5 32. Nd5 Bxd5 33. f6+ Kf7
34. exd5 h6 35. h4 e4 36. Bxe4 Bxf6 37. Kh3 Rc7 38. Bf5 a5 39. Rf4 Bg7 40. Be6+
Ke7 41. Kg4 Ke8 42. Kh5 Be5 43. Rf3 Rg7 44. g4 Rh7 45. Kg6 Rh8 46. Rf7 Rg8+ 47.
Kh5 Rg7 48. Rf2 a4 49. bxa4 b3 50. Bf5 b2 51. Rf1 Ra7 52. Bg6+ Kd8 53. Rf8+ Kc7
54. Rf7+ Kb6 55. Rxa7 Kxa7 56. Kxh6 Ka6 57. g5 Ka5 58. Bb1 Kxa4 59. g6 1-0

[Event "I Festival Sant'Anna Magistrale"]
[Site "Pisignano - Vernole ITA"]
[Date "1998.07.??"]
[Round "5"]
[White "Loncar, Robert"]
[Black "Vujovic, Milorad"]
[Result "0-1"]
[WhiteElo "2410"]
[BlackElo "2275"]
[PlyCount "70"]
[EventDate "1998.07.27"]

1. e4 c5 2. Nf3 e6 3. Nc3 a6 4. d4 cxd4 5. Nxd4 d6 6. Be3 Nf6 7. f3 Qc7 8. Qd2
b5 9. O-O-O Bb7 10. g4 Nc6 11. Nxc6 Bxc6 12. Bd3 d5 13. e5 Nd7 14. f4 Nb6 15.
Rhf1 O-O-O 16. Qf2 Kb7 17. Kb1 Bb4 18. Ne2 Nc4 19. Bc1 Rd7 20. Nd4 Bc5 21. Be2
Qb6 22. Rd3 Re8 23. Rfd1 f6 24. exf6 gxf6 25. Qh4 e5 26. fxe5 Nxe5 27. R3d2
Bxd4 28. Rxd4 Ng6 29. Qf2 Rde7 30. Bf1 Re4 31. Bg2 Rxd4 32. Qxd4 Qxd4 33. Rxd4
Re1 34. Bxd5 Bxd5 35. Rxd5 Nf4 0-1

[Event "I Festival Sant'Anna Magistrale"]
[Site "Pisignano - Vernole ITA"]
[Date "1998.07.??"]
[Round "5"]
[White "Patavia, Antonio"]
[Black "Maccario, Mauro"]
[Result "1-0"]
[WhiteElo "2085"]
[BlackElo "1833"]
[PlyCount "61"]
[EventDate "1998.07.27"]

1. e4 c5 2. Nf3 Nc6 3. d4 cxd4 4. Nxd4 Nf6 5. Nc3 e5 6. Ndb5 d6 7. Bg5 a6 8.
Na3 b5 9. Nd5 Be7 10. Bxf6 Bxf6 11. Qd3 O-O 12. c3 Bg5 13. Rd1 Kh8 14. Be2 f5
15. Bf3 Be6 16. Nc2 Rb8 17. a3 Ne7 18. exf5 Bxf5 19. Be4 Nxd5 20. Qxd5 Bxe4 21.
Qxe4 Qb6 22. O-O Rf4 23. Qd5 Rbf8 24. Qxd6 Qa7 25. Qxe5 Rxf2 26. Nd4 Qf7 27.
Nf3 Bf6 28. Qc5 Rxb2 29. Ne5 Qg8 30. Rd3 Rc8 31. Ng6+ 1-0

[Event "I Festival Sant'Anna Magistrale"]
[Site "Pisignano - Vernole ITA"]
[Date "1998.07.??"]
[Round "5"]
[White "Tamborino, Pasquale"]
[Black "Fragni, Enrico"]
[Result "1-0"]
[WhiteElo "1864"]
[BlackElo "1822"]
[PlyCount "69"]
[EventDate "1998.07.27"]

1. d4 Nf6 2. c4 e6 3. g3 Bb4+ 4. Bd2 Qe7 5. Bg2 O-O 6. Nc3 c5 7. Nf3 Nc6 8. e3
b6 9. a3 Ba5 10. d5 exd5 11. Nxd5 Bxd2+ 12. Qxd2 Qd8 13. b4 Rb8 14. O-O Re8 15.
Rab1 Nxd5 16. cxd5 Ne5 17. Nxe5 Rxe5 18. bxc5 Ba6 19. Rfc1 bxc5 20. Rxb8 Qxb8
21. Rxc5 Qb1+ 22. Qc1 Qxc1+ 23. Rxc1 Kf8 24. Rc7 Ke7 25. Rxa7 Bc4 26. e4 Kd6
27. f4 Re8 28. e5+ Kc5 29. Rxd7 Rb8 30. h4 Rb1+ 31. Kh2 Rb2 32. Kh3 h5 33. Rxf7
Rxg2 34. Rc7+ Kb6 35. Rxc4 1-0

[Event "I Festival Sant'Anna Magistrale"]
[Site "Pisignano - Vernole ITA"]
[Date "1998.07.??"]
[Round "6"]
[White "Ferraro, Francesco"]
[Black "Patavia, Antonio"]
[Result "1/2-1/2"]
[WhiteElo "2080"]
[BlackElo "2085"]
[PlyCount "89"]
[EventDate "1998.07.27"]

1. d4 g6 2. Nf3 Bg7 3. Bf4 d6 4. e3 Nf6 5. Bc4 O-O 6. Nbd2 e6 7. h3 b6 8. O-O
Bb7 9. Re1 d5 10. Bd3 Nbd7 11. c4 c5 12. b3 Rc8 13. Rc1 Ne4 14. cxd5 exd5 15.
Rc2 Re8 16. Bb5 Bc6 17. Ba6 Ra8 18. a4 g5 19. Bh2 f5 20. g4 fxg4 21. hxg4 Kh8
22. Nf1 Qe7 23. Ng3 Nxg3 24. Bxg3 Rf8 25. Kg2 c4 26. Rc1 Rf7 27. bxc4 Raf8 28.
Ng1 dxc4+ 29. f3 h5 30. d5 hxg4 31. dxc6 gxf3+ 32. Nxf3 Rxf3 33. Rh1+ Bh6 34.
cxd7 Qxe3 35. Qe1 Rxg3+ 36. Qxg3 Qd2+ 37. Kh3 Qxd7+ 38. Kg2 Qd2+ 39. Kh3 g4+
40. Qxg4 Qe3+ 41. Kh4 Rf4 42. Rxc4 Rxg4+ 43. Kxg4 Qe2+ 44. Kh3 Qf3+ 45. Kh2
1/2-1/2

[Event "I Festival Sant'Anna Magistrale"]
[Site "Pisignano - Vernole ITA"]
[Date "1998.07.??"]
[Round "6"]
[White "Fragni, Enrico"]
[Black "Capitelli, Paolo"]
[Result "0-1"]
[WhiteElo "1822"]
[BlackElo "1842"]
[PlyCount "73"]
[EventDate "1998.07.27"]

1. d4 Nf6 2. f3 d5 3. Be3 c6 4. Bf2 Bf5 5. e3 Nbd7 6. Ne2 Qa5+ 7. c3 Bxb1 8.
Qxb1 e6 9. Nc1 Bd6 10. Bd3 Qc7 11. Ne2 e5 12. Ng3 g6 13. Qc2 O-O-O 14. O-O-O
Kb8 15. Kb1 h5 16. e4 h4 17. Ne2 dxe4 18. fxe4 Ng4 19. Bg1 exd4 20. cxd4 Bxh2
21. Bxh2 Nxh2 22. e5 Ng4 23. Rh3 Nf2 24. Nc3 Nxd1 25. Nxd1 Nb6 26. Qf2 g5 27.
Be2 Nd5 28. Rb3 Ka8 29. Bf3 Rhg8 30. Ne3 Nxe3 31. Qxe3 g4 32. Be4 g3 33. Bf3
Qc8 34. Qc3 h3 35. gxh3 g2 36. Bxg2 Rxg2 37. a4 0-1

[Event "I Festival Sant'Anna Magistrale"]
[Site "Pisignano - Vernole ITA"]
[Date "1998.07.??"]
[Round "6"]
[White "Loncar, Robert"]
[Black "Laketic, Gojko"]
[Result "0-1"]
[WhiteElo "2410"]
[BlackElo "2390"]
[PlyCount "64"]
[EventDate "1998.07.27"]

1. d4 Nf6 2. c4 e6 3. Nf3 b6 4. g3 Bb7 5. Bg2 Be7 6. Nc3 Ne4 7. Bd2 c5 8. d5
exd5 9. cxd5 Nxd2 10. Qxd2 O-O 11. O-O d6 12. e4 Nd7 13. Nh4 Bxh4 14. gxh4 Qxh4
15. f4 Ba6 16. Rf3 Rfe8 17. Re1 Qf6 18. e5 dxe5 19. fxe5 Qd8 20. Qf4 f6 21. e6
Nf8 22. h4 b5 23. Qe3 Qd6 24. h5 Rac8 25. Bh3 b4 26. Ne4 Qxd5 27. Rxf6 Qd4 28.
Qxd4 cxd4 29. Rf5 Rc6 30. Nc5 Bc8 31. Bg2 Rc7 32. Bd5 Rce7 0-1

[Event "I Festival Sant'Anna Magistrale"]
[Site "Pisignano - Vernole ITA"]
[Date "1998.07.??"]
[Round "6"]
[White "Mrdja, Milan"]
[Black "Ljubisavljevic, Zivojin Z."]
[Result "1-0"]
[WhiteElo "2430"]
[BlackElo "2290"]
[PlyCount "57"]
[EventDate "1998.07.27"]

1. e4 c5 2. Nf3 Nc6 3. d4 cxd4 4. Nxd4 g6 5. Nc3 Bg7 6. Be3 d6 7. f3 Nf6 8. Qd2
O-O 9. g4 h5 10. h3 a6 11. O-O-O Nxd4 12. Bxd4 Be6 13. Kb1 b5 14. Ne2 Qc7 15.
Nf4 hxg4 16. hxg4 Rfc8 17. Nxe6 fxe6 18. Bd3 e5 19. Be3 Kf7 20. g5 Nd7 21. c3
Rh8 22. Bc2 Rxh1 23. Rxh1 Rh8 24. Rxh8 Bxh8 25. Qd5+ e6 26. Qa8 Bg7 27. Qxa6
Qb8 28. a3 Nc5 29. Qc6 1-0

[Event "I Festival Sant'Anna Magistrale"]
[Site "Pisignano - Vernole ITA"]
[Date "1998.07.??"]
[Round "6"]
[White "Piscopo, Pierluigi"]
[Black "Calabro', Marco"]
[Result "1/2-1/2"]
[WhiteElo "1930"]
[BlackElo "2110"]
[PlyCount "21"]
[EventDate "1998.07.27"]

1. e4 e5 2. Nf3 Nc6 3. Nc3 Nf6 4. d4 exd4 5. Nd5 Nxe4 6. Qe2 f5 7. Ng5 d3 8.
cxd3 Nd4 9. Qh5+ g6 10. Qh4 c6 11. dxe4 1/2-1/2

[Event "I Festival Sant'Anna Magistrale"]
[Site "Pisignano - Vernole ITA"]
[Date "1998.07.??"]
[Round "6"]
[White "Vujovic, Milorad"]
[Black "Aleksieva, Silvia"]
[Result "1/2-1/2"]
[WhiteElo "2275"]
[BlackElo "2335"]
[PlyCount "24"]
[EventDate "1998.07.27"]

1. c4 c5 2. Nf3 b6 3. d4 cxd4 4. Nxd4 Bb7 5. Nc3 Nf6 6. e3 e6 7. Nf3 Be7 8. Be2
O-O 9. b3 d5 10. cxd5 Nxd5 11. Nxd5 Qxd5 12. Qxd5 Bxd5 1/2-1/2

[Event "V Festival Magistrale"]
[Site "Ischia ITA"]
[Date "1998.07.??"]
[Round "?"]
[White "Andreoli, Mark"]
[Black "Mazzoni, Guy"]
[Result "0-1"]
[WhiteElo "2035"]
[BlackElo "2220"]
[PlyCount "76"]
[EventDate "1998.07.18"]

1. e4 c5 2. d4 cxd4 3. c3 d3 4. Qxd3 Nc6 5. Nf3 d6 6. Na3 g6 7. Bg5 Bg7 8. Rd1
a6 9. Nc4 Bg4 10. Qe3 Bxf3 11. gxf3 Qc7 12. Nb6 Rd8 13. Nd5 Qb8 14. Qb6 Rc8 15.
Bh3 e6 16. O-O Ne5 17. Kg2 Rc6 18. Qe3 h6 19. Bf4 exd5 20. exd5 Rc4 21. b3 Rxf4
22. Qxf4 g5 23. Qa4+ Kf8 24. c4 Ng6 25. Bf5 N8e7 26. Bxg6 Nxg6 27. c5 Nf4+ 28.
Kh1 Qc8 29. Rfe1 Be5 30. Qe4 Qxc5 31. Rd2 Kg7 32. Qf5 Re8 33. h4 Qc8 34. Qxc8
Rxc8 35. hxg5 hxg5 36. Red1 Kg6 37. Re1 Bc3 38. Rc2 Rh8+ 0-1

[Event "V Festival Magistrale"]
[Site "Ischia ITA"]
[Date "1998.07.??"]
[Round "?"]
[White "Andreoli, Mark"]
[Black "Naumkin, Igor"]
[Result "1/2-1/2"]
[WhiteElo "2035"]
[BlackElo "2475"]
[PlyCount "47"]
[EventDate "1998.07.18"]

1. e4 e6 2. d4 d5 3. exd5 exd5 4. Bd3 Nc6 5. c3 Bd6 6. Qf3 Be6 7. Ne2 Qd7 8.
Bf4 Bxf4 9. Nxf4 O-O-O 10. Nxe6 fxe6 11. Nd2 Nge7 12. O-O-O e5 13. dxe5 Nxe5
14. Qe2 N7c6 15. Nf3 Qd6 16. Nxe5 Nxe5 17. g3 Qf6 18. f4 Nxd3+ 19. Qxd3 h5 20.
Rhe1 g5 21. fxg5 Qxg5+ 22. Qe3 Qxe3+ 23. Rxe3 c6 24. Rd4 1/2-1/2

[Event "V Festival Magistrale"]
[Site "Ischia ITA"]
[Date "1998.07.??"]
[Round "?"]
[White "Auletta, Angelo"]
[Black "Weclawski, Dorota"]
[Result "1-0"]
[WhiteElo "2240"]
[BlackElo "2045"]
[PlyCount "45"]
[EventDate "1998.07.18"]

1. e4 e6 2. d3 d5 3. Nd2 Nf6 4. Ngf3 c5 5. g3 Nc6 6. Bg2 Be7 7. O-O O-O 8. Re1
Qc7 9. e5 Nd7 10. Qe2 Re8 11. Nf1 Nf8 12. c3 f6 13. exf6 gxf6 14. d4 cxd4 15.
cxd4 Qb6 16. Qd1 Bd7 17. b3 Rac8 18. Bh6 Ba3 19. Ne3 Bb2 20. Ng4 Kf7 21. Nxf6
Kxf6 22. Qd2 Nxd4 23. Qg5+ 1-0

[Event "V Festival Magistrale"]
[Site "Ischia ITA"]
[Date "1998.07.??"]
[Round "?"]
[White "Bellincampi, Stefano"]
[Black "Femiano, Andrea"]
[Result "0-1"]
[WhiteElo "2065"]
[BlackElo "2215"]
[PlyCount "62"]
[EventDate "1998.07.18"]

1. e4 c5 2. c3 d5 3. exd5 Qxd5 4. d4 Nf6 5. Nf3 cxd4 6. cxd4 e6 7. Nc3 Bb4 8.
a3 Bxc3+ 9. bxc3 Qa5 10. Bb2 Bd7 11. Bd3 Bb5 12. O-O Bxd3 13. Qxd3 b5 14. a4 b4
15. cxb4 Qh5 16. Rfc1 O-O 17. b5 Nd5 18. Ba3 Rd8 19. Rc2 Nd7 20. Rac1 N7f6 21.
Rc5 Ng4 22. Qe4 Ngf6 23. Qc2 h6 24. Rc6 Nf4 25. Rc5 Qg4 26. g3 Qxf3 27. gxf4
Qxa3 28. f5 Rxd4 29. Rc8+ Rxc8 30. Qxc8+ Kh7 31. Qc3 Rd1+ 0-1

[Event "V Festival Magistrale"]
[Site "Ischia ITA"]
[Date "1998.07.??"]
[Round "?"]
[White "Bellincampi, Stefano"]
[Black "Vujovic, Milorad"]
[Result "1/2-1/2"]
[WhiteElo "2065"]
[BlackElo "2275"]
[PlyCount "55"]
[EventDate "1998.07.18"]

1. e4 c5 2. c3 d6 3. d4 Nf6 4. Bd3 Nc6 5. Ne2 g6 6. f3 Bg7 7. Be3 b6 8. Qd2 O-O
9. O-O a5 10. Na3 Bb7 11. Rac1 cxd4 12. cxd4 Nb4 13. Bc4 d5 14. exd5 Nfxd5 15.
Bf2 Qd7 16. Nb5 Nxa2 17. Bxa2 Qxb5 18. Nc3 Qd7 19. Rfe1 Nb4 20. Bc4 Rad8 21. d5
Rc8 22. Qe2 Rxc4 23. Qxc4 Ba6 24. Qb3 Nd3 25. Qxb6 Nxc1 26. Rxc1 Bxc3 27. bxc3
Bc4 28. Qxa5 1/2-1/2

[Event "V Festival Magistrale"]
[Site "Ischia ITA"]
[Date "1998.07.??"]
[Round "?"]
[White "Delizia, Costantino"]
[Black "Simeoni, Matteo"]
[Result "1-0"]
[WhiteElo "2034"]
[BlackElo "2035"]
[PlyCount "75"]
[EventDate "1998.07.18"]

1. e4 c5 2. c3 Nf6 3. e5 Nd5 4. d4 cxd4 5. Nf3 e6 6. cxd4 b6 7. Nc3 Nxc3 8.
bxc3 Qc7 9. Bd2 Bb7 10. Bd3 d6 11. O-O Nd7 12. Re1 Be7 13. Bf4 O-O 14. Re3 Rfe8
15. exd6 Bxd6 16. Bxd6 Qxd6 17. Bxh7+ Kxh7 18. Ng5+ Kg8 19. Qh5 Qf4 20. Rae1
Qf5 21. Qh3 Kf8 22. Nh7+ Qxh7 23. Qxh7 Ke7 24. f4 g6 25. f5 gxf5 26. Qxf5 Rg8
27. Rg3 Rxg3 28. hxg3 Nf6 29. Qe5 Rc8 30. Rf1 Ne4 31. Qg7 Nd6 32. g4 Rxc3 33.
d5 Rg3 34. Kh2 Rxg2+ 35. Kxg2 Bxd5+ 36. Kh2 Be4 37. Qf6+ Ke8 38. Rd1 1-0

[Event "V Festival Magistrale"]
[Site "Ischia ITA"]
[Date "1998.07.??"]
[Round "?"]
[White "Farina, Saverio"]
[Black "Auletta, Angelo"]
[Result "1-0"]
[WhiteElo "2170"]
[BlackElo "2240"]
[PlyCount "47"]
[EventDate "1998.07.18"]

1. d4 Nf6 2. c4 g6 3. Nc3 Bg7 4. e4 d6 5. Nge2 O-O 6. Ng3 e5 7. d5 a5 8. Be2
Na6 9. h4 h5 10. Bg5 Qe8 11. Qd2 Kh7 12. Nb5 Bd7 13. Qxa5 Qb8 14. Qd2 Nc5 15.
Qc2 c6 16. Nc3 cxd5 17. Bxf6 Bxf6 18. Nxd5 Bd8 19. b4 Ba4 20. Qd2 Ne6 21. Bxh5
gxh5 22. Nf5 Nf4 23. Nxf4 Bd7 24. Ne6 1-0

[Event "V Festival Magistrale"]
[Site "Ischia ITA"]
[Date "1998.07.??"]
[Round "?"]
[White "Farina, Saverio"]
[Black "Delizia, Costantino"]
[Result "0-1"]
[WhiteElo "2170"]
[BlackElo "2034"]
[PlyCount "26"]
[EventDate "1998.07.18"]

1. d4 e6 2. c4 Nf6 3. a3 Be7 4. Nc3 d5 5. Nf3 O-O 6. Qc2 Nbd7 7. e4 Nxe4 8.
Nxe4 dxe4 9. Qxe4 Nf6 10. Qh4 e5 11. dxe5 Ng4 12. Bg5 Nxe5 13. Nxe5 Bxg5 0-1

[Event "V Festival Magistrale"]
[Site "Ischia ITA"]
[Date "1998.07.??"]
[Round "?"]
[White "Ferraro, Francesco"]
[Black "Bellincampi, Stefano"]
[Result "1-0"]
[WhiteElo "2080"]
[BlackElo "2065"]
[PlyCount "69"]
[EventDate "1998.07.18"]

1. d4 Nf6 2. Nf3 d5 3. Bf4 c5 4. e3 cxd4 5. exd4 Nc6 6. c3 Bg4 7. Nbd2 e6 8. h3
Bh5 9. Be2 Be7 10. Ne5 Nxe5 11. Bxe5 Bxe2 12. Qxe2 a6 13. O-O O-O 14. Rfe1 b5
15. a3 Qb6 16. b4 Rfc8 17. Bxf6 Bxf6 18. Qd3 Rc6 19. Nb3 Qc7 20. Nc5 g6 21. a4
bxa4 22. Rxa4 a5 23. Rea1 e5 24. Rxa5 Rxa5 25. Rxa5 exd4 26. cxd4 Qf4 27. Nb3
Bxd4 28. Ra8+ Kg7 29. Qxd4+ Qxd4 30. Nxd4 Rc1+ 31. Kh2 Rc4 32. Nf3 Rxb4 33. Rd8
Ra4 34. g4 Kf6 35. Rb8 1-0

[Event "V Festival Magistrale"]
[Site "Ischia ITA"]
[Date "1998.07.??"]
[Round "?"]
[White "Gourbanov, Bahrus"]
[Black "Farina, Saverio"]
[Result "0-1"]
[WhiteElo "2280"]
[BlackElo "2170"]
[PlyCount "52"]
[EventDate "1998.07.18"]

1. e4 e6 2. d4 d5 3. exd5 exd5 4. Bd3 c5 5. dxc5 Bxc5 6. Ne2 Nf6 7. O-O O-O 8.
Bg5 h6 9. Bh4 Bg4 10. Nbc3 Qd6 11. Bxf6 Qxf6 12. Nxd5 Qe5 13. Qd2 Nc6 14. Ng3
Rad8 15. Nc3 Nb4 16. Rae1 Qb8 17. Nce4 Nxd3 18. cxd3 Bb6 19. b3 f5 20. Nc3 f4
21. Nge4 f3 22. Rc1 fxg2 23. Rfe1 Bc7 24. Ne2 Bxh2+ 25. Kxg2 Bf3+ 26. Kf1 Bxe4
0-1